| 000 | 00860nam a2200205 a 4500 | ||
|---|---|---|---|
| 001 | BRCA_2131 | ||
| 005 | 20190320203700.0 | ||
| 008 | 120808s1992----mx-#---###---#000-0#spa-# | ||
| 050 | 4 |
_aF1391.P8 _b.L43 76 _c1992 |
|
| 100 | 1 |
_aHuerta Jaramillo, Ana María Dolores _96399 |
|
| 245 | 1 | 0 |
_aDe tenedores a contadores, las profesiones en Puebla y el desarrollo del capital regional _cAna María Dolores Huerta Jaramillo. |
| 260 |
_aPuebla, México _bGobierno del Estado de Puebla : Secretaría de Cultura : Comisión Puebla V Centenario _c1992 |
||
| 300 |
_a16 p. _c21 cm. |
||
| 440 | 0 |
_aLecturas Históricas de Puebla _n76 _96437 |
|
| 504 | _aIncluye referencias bibliográficas | ||
| 651 | 4 |
_aPuebla (México) _xHistoria _9409 |
|
| 651 | 4 |
_aPuebla (México) _xCondiciones económicas _96438 |
|
| 651 | 4 |
_aPuebla (México) _xCondiciones sociales _9393 |
|
| 942 |
_2lcc _cB |
||
| 999 |
_c1888 _d1888 |
||